000 00788nam a2200229Ia 4500
003 OSt
005 20251230091404.0
008 210716s2017 xx 000 0 und d
020 _a9781788298995
040 _cAIMIT LIBRARY
041 _aeng
082 _a005.764
_bCORF
100 _aCorti, Francesco.
_9249724
245 _aPentaho 8 reporting for java developers:
_bcreate pixel perfect analytical reports using reporting tools /
_cBy Corti, Francesco.
250 _a1
260 _aMumbai :
_bPackt Publishing Ltd ,
_c2017.
300 _a443 p.;
_bPB
_c24.5 cm.
650 _aGetting started with report designer
_9249725
650 _aDesign and layout in report designer
_9249726
650 _aConfiguring JDBC and other data sources
_9249727
942 _2ddc
_cBK
_k005.764 CORF
999 _c196709
_d196709